000
00295nam a22001337a 4500
008
180201b xxu||||| |||| 00| 0 eng d
020
_a
2900077350061
041
_a
eng
080
_2
12 ED
_a
611
100
_a
6
101
_a
ANA
245
_a
HUMAN PHYSIOLOGY
_c
STUART.I.F
942
_2
udc
_c
BK
999
_c
41509
_d
41509